1661 1483 1486 1968 1781 1346 1546 1129 1747 1418 1365 1420 1867 1785 1718 1882 1599 1101 1859 1188 1037 1372 1510 1505 1282 1461 1843 1074 1164 1742 1990 1261 1987 1674 1431 1485 1395 1051 1358 1163 1479 1288 1507 1029 1220 1553 1394 1799 1176 1226 1333 1076 1568 1635 1684 1567 1423 1484 1217 1601 1284 1648 1969 1059 1918 1754 1998 1980 1958 1492 1412 1803 1914 1765 1800 1570 1521 1764 1664 1636 1109 1833 1219 1674 1426 1817 1225 1673 1907 1270 1805 1792 1057 1816 1378 1303 1841 1596 1949 BCNSPRNW ULIB Ver.6.0+V

เปลี่ยนเป็นภาษาไทย

Change to English
 แสดงรายละเอียดบรรณานุกรม
  กลับหน้าหลัก

Brief Record : Get Marc (ISO 2709) : E-mail record : QR code < ปิดหน้าต่าง
LEADER : 00000nam 2200000uu 4500
001    13399120659
003     ULIB
008    121002s2551||||th 000 0 tha d
020    ^a9749461630 (ล.2)
020    ^a9789749461631
050 04 ^aBQ336^bต389ค ล.2
100 0  ^aนัท ฮันห์,^cติช
245 10 ^aคือเมฆสีขาว ทางก้าวเก่าแก่ เล่ม2/^cติช นัท ฮันห์, เขียน ; รสนา โตสิตระกูล, สันติสุข โสภณสิริ, แปล
250    ^aพิมพ์ครั้งที่ 4
260    ^aกรุงเทพฯ :^bมูลนิธิโกมลคีมทอง,^c2551
300    ^a3 เล่ม :^bภาพประกอบ ;^c21 ซม.
650  7 ^aพระพุทธเจ้า
700 0  ^aรสนา โตสิตระกูล,^eผู้แปล
700 0  ^aสันติสุข โสภณสิริ,^eผู้แปล
945    ^p180^l0^i15409
995    ^aวิภา
999 ^a ใช้งานได้ทุกระบบ
รายการนี้ยังไม่มีแท็ก
คุณยังไม่ได้ล็อกอิน คุณสามารถมีกิจกรรมร่วมกับเว็บไซต์ได้ แต่ต้องล็อกอินก่อน ::
  ล็อกอิน

รายการสื่อสารสนเทศ

ลำดับที่ ประเภท เลขเรียก/บาร์โค้ด สถานที่ สถานะ
1. วิทยาศาสตร์การแพทย์ และสุขภาพ
วิทยาศาสตร์การแพทย์ และสุขภาพ
สถานะ=หนังสือเก่า
BQ336 ต389ค ล.2  
  Barcode: 15409
ห้องสมุดวิทยาเขตนครสวรรค์
►ส่วนจัดเก็บหนังสือเก่า นว.
บนชั้น
  ขอยืม

รายการใกล้เคียง
    หัวเรื่อง [พระพุทธเจ้า]

BibComment


ยังไม่เคยถูกคอมเมนท์

คอมเมนท์ทรัพยากรรายการนี้
  คอมเมนท์: คือเมฆสีขาว ทางก..


 Copyright 2026. Bcnsprnw @Library